[Event "Oceania Zonal"]
[Site "Gold Coast AUS"]
[Date "2009.06.22"]
[Round "6"]
[White "Illingworth,M"]
[Black "Brown,An"]
[Result "0-1"]
[WhiteElo "2243"]
[BlackElo "2085"]

1.d4 g6 2.e4 Bg7 3.Nc3 d6 4.Be3 e6 5.f4 Ne7 6.Nf3 b6 7.Bd3 h6 8.O-O c5 9.Bb5+ Bd7
10.Qe2 a6 11.Bxd7+ Nxd7 12.Rad1 Qc7 13.a4 O-O 14.Kh1 Nf6 15.e5 dxe5 16.dxe5 Nfd5
17.Ne4 Nxe3 18.Qxe3 Nd5 19.Qc1 c4 20.Rd4 b5 21.c3 Qa5 22.axb5 axb5 23.Nd6 f5
24.exf6 Bxf6 25.Re4 Qb6 26.Rxe6 Rad8 27.Ne5 Rxd6 28.Nd7 Rxe6 29.Nxb6 Rxb6
30.Qc2 Bg7 31.Qe4 Rd6 32.g3 Rfd8 33.Kg2 R8d7 34.Qe8+ Kh7 35.Rf2 Nf6 36.Qb8 Rd5
37.Re2 Rd2 38.Kf1 Rd1+ 39.Kf2 R1d5 40.Kg2 g5 41.fxg5 hxg5 42.h3 Rf5 43.Qb6 Rd3
44.Qb7 Nd5 45.Kh2 Ne3 46.Qe4 Nf1+ 47.Kg2 Rxg3+ 48.Kh1 Rxh3+ 49.Kg2 Rg3+ 50.Kh1 Rf3
51.Rg2 Rh3+ 52.Kg1 Ng3  0-1

[Event "Municipality Cup"]
[Site "Tbilisi GEO"]
[Date "2009.06.23"]
[Round "9"]
[White "Gassanov,A"]
[Black "Shengelia,D"]
[Result "0-1"]
[WhiteElo "2281"]
[BlackElo "2549"]

1.e4 g6 2.d4 Bg7 3.Nc3 d6 4.Bg5 c6 5.Qd2 Nd7 6.Nf3 b5 7.Bd3 Nb6 8.a4 h6 9.Be3 Nc4
10.Qc1 Nxe3 11.Qxe3 b4 12.Ne2 Nf6 13.h3 Qc7 14.c3 bxc3 15.bxc3 O-O 16.O-O Rb8
17.Nd2 e5 18.f4 Re8 19.fxe5 dxe5 20.Bc4 Be6 21.dxe5 Nd7 22.Bxe6 Rxe6 23.Nd4 Rxe5
24.Qf4 Nc5 25.Nc4 g5 26.Qh2 Nb3 27.Rab1 Nxd4 28.cxd4 Rxb1 29.Rxb1 Re7 30.e5 c5
31.d5 Bxe5 32.Nxe5 Rxe5 33.Qg3 c4 34.Rd1 Qc5+ 35.Kh1 Rxd5 36.Qb8+ Kg7 37.Rxd5 Qxd5
38.Qxa7 Qd1+ 39.Kh2 Qd6+ 40.Kh1 c3 41.Qe3 Qc7 42.Qc1 c2 43.a5 Qc3 44.a6 Qb3
45.Qa1+ Kh7 46.Kh2 Qb1 47.Qf6 Qb8+ 48.g3 Qc7 49.a7 Qxa7 50.Qf5+ Kg7 51.Qxc2 Qe3
52.Kg2 h5 53.Qb2+ Kg6 54.Qc2+ Kh6 55.Qf5 Qe2+ 56.Kg1 Qe6 57.Qf3 Kg6 58.Kg2 f5
59.Qc3 Qe4+ 60.Kg1 f4 61.gxf4 gxf4 62.Kf2 Kg5 63.Qb3 Kh4 64.Qc3 Qe6 65.Qf3 Qa2+
66.Kg1 Qd2 67.Qa3 Qe3+ 68.Qxe3 fxe3  0-1

[Event "XVII Open"]
[Site "Montcada i Reixac ESP"]
[Date "2009.06.28"]
[Round "3"]
[White "Antoli Royo,J"]
[Black "Almeida Quintana,O"]
[Result "0-1"]
[WhiteElo "2416"]
[BlackElo "2521"]

1.e4 g6 2.d4 Bg7 3.Nc3 d6 4.Nf3 a6 5.a4 Bg4 6.Be2 Nd7 7.O-O c5 8.dxc5 Nxc5
9.h3 Bd7 10.Bc4 Rc8 11.Ba2 Nf6 12.e5 dxe5 13.Nxe5 Be6 14.Bxe6 Nxe6 15.Nd3 O-O
16.Be3 Nd5 17.Nxd5 Qxd5 18.c3 Rfd8 19.Nb4 Qe4 20.Qg4 Qxg4 21.hxg4 Rc4 22.Rfd1 Rxd1+
23.Rxd1 a5 24.Nd5 Rxa4 25.Nxe7+ Kf8 26.Rd7 Ra1+ 27.Kh2 Rb1 28.Rxb7 Bxc3 29.Bh6+ Bg7
30.Bxg7+ Kxg7 31.Nc6 a4 32.Rb4 Nc5 33.f3 Nd3 34.Rxa4 Rxb2 35.g5 Ne1 36.Ne5 Rxg2+
37.Kh3 Rxg5 38.f4 Rf5 39.Re4 Nc2 40.Nc4 Nb4 41.Nd6 Rh5+ 42.Kg3 Nd5 43.Ra4 Ne3
44.Ne8+ Kf8 45.Nf6 Nf5+ 46.Kg2 Rh4 47.Re4 h5 48.Ra4 Kg7 49.Ne8+ Kh6 50.Nf6 Ne3+
51.Kf2 Rh3 52.Ne4 Ng4+ 53.Kg2 Rh2+ 54.Kg3 f5  0-1

[Event "ZMD Open"]
[Site "Dresden GER"]
[Date "2009.07.02"]
[Round "9"]
[White "Eilers,J"]
[Black "Buechmann,O"]
[Result "1/2-1/2"]
[WhiteElo "1958"]
[BlackElo "2133"]

1.e4 g6 2.Nc3 Bg7 3.d4 d6 4.g3 Nd7 5.Bg2 c5 6.Nge2 Ngf6 7.O-O O-O 8.h3 Rb8
9.Be3 b6 10.Qd2 Re8 11.Rad1 cxd4 12.Nxd4 Bb7 13.Rfe1 a6 14.Bh6 Bh8 15.Nd5 e6
16.Nxf6+ Nxf6 17.Nb3 d5 18.Bg5 dxe4  1/2-1/2

[Event "ZMD Open"]
[Site "Dresden GER"]
[Date "2009.07.02"]
[Round "9"]
[White "Borgmeyer,M"]
[Black "Heck,N"]
[Result "0-1"]
[WhiteElo "2044"]
[BlackElo "2324"]

1.e4 g6 2.d4 Bg7 3.Nc3 d6 4.Be3 a6 5.Qd2 b5 6.O-O-O Nd7 7.f3 Bb7 8.h4 h5
9.Nh3 c5 10.dxc5 Nxc5 11.Bxc5 dxc5 12.Qe2 Qa5 13.e5 Nh6 14.Nxb5 axb5 15.Qxb5+ Qxb5
16.Bxb5+ Kf8 17.Rd7 Rb8 18.Re1 Nf5 19.f4 Bh6  0-1

[Event "XXXII Open"]
[Site "Barbera ESP"]
[Date "2009.07.04"]
[Round "1"]
[White "Meera,S"]
[Black "Vassallo Barroche,M"]
[Result "1/2-1/2"]
[WhiteElo "2148"]
[BlackElo "2409"]

1.e4 g6 2.d4 Bg7 3.Nc3 d6 4.Nf3 c6 5.a4 Nf6 6.Be2 O-O 7.O-O Nbd7 8.a5 Qc7
9.Re1 e5 10.Bf1 Rb8 11.d5 a6 12.Ra3 c5 13.Nd2 Ne8 14.Nc4 b5 15.axb6 Nxb6
16.Na5 Ra8 17.Nc6 Bb7 18.Na5 Bc8 19.Nc6 Bb7 20.Na5 Bc8  1/2-1/2

[Event "XXXII Open"]
[Site "Barbera ESP"]
[Date "2009.07.05"]
[Round "2"]
[White "Mestre Bellido,H"]
[Black "Alonso Gonzalez,C"]
[Result "1-0"]
[WhiteElo "2292"]
[BlackElo "2138"]

1.e4 g6 2.d4 Bg7 3.Nc3 d6 4.Be3 a6 5.a4 b6 6.Bc4 Bb7 7.Nge2 Nd7 8.Qd2 h6
9.Ng3 e6 10.f4 Ne7 11.d5 e5 12.O-O O-O 13.Bd3 Kh7 14.Rf3 c6 15.dxc6 Bxc6
16.f5 Nf6 17.Bc4 d5 18.exd5 Nexd5 19.Nxd5 Nxd5 20.Bxd5 Qxd5 21.Qxd5 Bxd5
22.Rf2 Rfb8 23.Rd2 gxf5 24.Rxd5 f4 25.Nf1 fxe3 26.Nxe3 Ra7 27.Nf5 f6 28.g4 Bf8
29.Rad1 Kg6 30.Kg2 Rc7 31.c3 Rc4 32.Kg3 h5 33.Nh4+ Kh6 34.h3 Rbc8 35.Rf1 R4c6
36.Rd7 e4 37.Nf5+ Kg5 38.h4+ Kg6 39.Kf4 Re6 40.Rg1 Bh6+ 41.g5 fxg5+ 42.hxg5 Bf8
43.Nh4+  1-0

[Event "XXXII Open"]
[Site "Barbera ESP"]
[Date "2009.07.05"]
[Round "2"]
[White "Perpinya Rofes,L"]
[Black "Almeida Quintana,O"]
[Result "0-1"]
[WhiteElo "2387"]
[BlackElo "2524"]

1.e4 g6 2.d4 Bg7 3.Nc3 d6 4.f4 a6 5.Nf3 b5 6.Bd3 Nd7 7.e5 c5 8.Ng5 cxd4 9.e6 f5
10.exd7+ Bxd7 11.Ne2 e5 12.O-O Ne7 13.c3 h6 14.Nf3 Qb6 15.Kh1 e4 16.Nexd4 exd3
17.Re1 Bf6 18.Ne6 Bc6 19.Qxd3 Be4 20.Qe2 Kf7 21.Be3 Qb7 22.Nfd4 Nd5 23.a4 Rhe8
24.Bd2 Bh4 25.Red1 Rxe6 26.Nxe6 Kxe6 27.axb5 axb5 28.Rxa8 Qxa8 29.c4 bxc4
30.Qxc4 Ke7 31.Qe2 Qb7 32.b4 Nxb4 33.Rb1 Qa6  0-1

[Event "XXXII Open"]
[Site "Barbera ESP"]
[Date "2009.07.05"]
[Round "2"]
[White "Sanchez Romero,M"]
[Black "Fabregas Fontanet,A"]
[Result "1/2-1/2"]
[WhiteElo "2251"]
[BlackElo "2060"]

1.e4 g6 2.d4 Bg7 3.Nc3 d6 4.Be3 Nf6 5.h3 O-O 6.Nf3 c6 7.a4 a5 8.Be2 Na6 9.O-O Nb4
10.Nd2 e5 11.Nc4 Qe7 12.d5 cxd5 13.exd5 Bf5 14.Rc1 h5 15.Bg5 Qc7 16.Nb5 Qc5
17.c3 Nbxd5 18.Ncxd6 Be6 19.Bf3 e4 20.Nxe4 Nxe4 21.Bxe4 Nxc3 22.bxc3 Qxg5
23.Nc7 Be5 24.Nxe6 fxe6 25.Qe2 Rf7 26.g3 Rc8 27.h4 Qf6 28.Rc2 Rxc3 29.Rxc3 Bxc3
30.Qd3 Kg7 31.Bxg6 Rc7 32.Bxh5 Bd4 33.Qf3 Qxf3 34.Bxf3 b5 35.axb5 a4 36.Rd1 e5
37.Rd3 Rc2 38.Be4 Re2 39.Bd5 Rb2 40.Ra3 Rxb5 41.Ba2 Rb4 42.Kg2 Bb2 43.Rd3 Rd4
44.Rxd4 Bxd4 45.f3 Bc3 46.Kf2 Kf6 47.Ke3 Be1 48.f4 Bxg3 49.fxe5+  1/2-1/2

[Event "37th Greek Teams"]
[Site "Kallithea GRE"]
[Date "2009.07.05"]
[Round "5"]
[White "Kritz,L"]
[Black "Bosiocic,Mari"]
[Result "0-1"]
[WhiteElo "2589"]
[BlackElo "2551"]

1.e4 g6 2.d4 Bg7 3.Nc3 d6 4.Be3 a6 5.Bd3 Nf6 6.Nf3 O-O 7.h3 Nc6 8.Qd2 e5
9.d5 Ne7 10.O-O-O b5 11.g4 Bd7 12.g5 Nh5 13.Be2 b4 14.Nb1 a5 15.Nh4 Nf4 16.Bg4 c6
17.Bxd7 Qxd7 18.dxc6 Nxc6 19.Bxf4 exf4 20.Qxd6 Qb7 21.Nf3 b3 22.axb3 a4 23.c3 Rfc8
24.bxa4 Nb4 25.Qxf4 Na2+ 26.Kd2 Rxa4 27.Ke3 Qxb2 28.Ne5 Bxe5 29.Qxe5 Nxc3
30.Rd8+ Rxd8 31.Qxc3 Qb6+ 32.Kf3 Rb4 33.Qf6 Rd6 34.Qa1 Rb2 35.Rf1 Rd3+ 36.Kg2 Qb8  0-1

[Event "37th Greek Teams"]
[Site "Kallithea GRE"]
[Date "2009.07.06"]
[Round "6"]
[White "Bosiocic,Mari"]
[Black "Koukoufikis,A"]
[Result "1-0"]
[WhiteElo "2551"]
[BlackElo "2233"]

1.e4 g6 2.d4 Bg7 3.Nc3 d6 4.f4 c6 5.Nf3 Nd7 6.Bd3 b5 7.O-O Nh6 8.a4 b4 9.Ne2 f5
10.e5 d5 11.a5 e6 12.Bd2 Rb8 13.c4 bxc3 14.bxc3 O-O 15.Qa4 Qc7 16.Rfc1 Bb7
17.c4 c5 18.Ng5 Rfe8 19.cxd5 Bxd5 20.Bc4 Bxc4 21.Qxc4 Qc6 22.dxc5 Bf8 23.Nd4 Bxc5
24.Kh1 Qd5 25.Ngxe6 Qxc4 26.Rxc4 Bxd4 27.Nxd4 Ng4 28.h3 Rb2 29.Bc1 Ngxe5
30.fxe5 Nxe5 31.Bxb2 Nxc4 32.Bc3 Re3 33.Be1 Rd3 34.Nf3  1-0

[Event "8th Open"]
[Site "La Fere FRA"]
[Date "2009.07.06"]
[Round "4"]
[White "Riff,JN"]
[Black "Manolache,M"]
[Result "1/2-1/2"]
[WhiteElo "2505"]
[BlackElo "2479"]

1.e4 g6 2.d4 Bg7 3.Nc3 d6 4.g3 Nf6 5.Bg2 O-O 6.Nge2 Nbd7 7.O-O e5 8.h3 Re8
9.Be3 b6 10.dxe5 dxe5 11.Nc1 Ba6 12.Nd3 Qe7 13.Qc1 Nc5 14.Bxc5 bxc5 15.Rd1 c4
16.Ne1 Qc5 17.Nf3 Rab8 18.Nh2 Qb6 19.b3 Bf8 20.Na4 Qc6 21.Qe3 Bb5 22.Nc3 Bc5
23.Qf3 Kg7 24.Nxb5 Rxb5 25.Ng4 Nxg4 26.hxg4 c3 27.Bf1 Rb6 28.Bc4 Qf6 29.Rd3 Bd4
30.Qxf6+ Rxf6 31.Rf1 g5 32.Kg2 Rd8 33.Rdd1 h6 34.a4 a5 35.Rd3 Rdd6 36.Rdd1 Kf8
37.Rd3 Ke7 38.f3 Bc5 39.Rfd1 Rxd3 40.Rxd3 Bd4 41.Rd1 Kd6 42.Rd3 Kc5 43.Kf1 Kb4
44.Ke2 Ka3 45.Rd1 Kb2 46.Bd3 Bc5 47.Rh1 Bf8 48.Rh2 Rd6 49.Rf2 Rb6 50.f4 Bc5
51.Rf1 Rf6 52.f5 Rb6 53.Rh1 Bf8 54.Rh2 Rd6 55.Rh1 f6 56.Rh2 c5 57.Rh1 Rd8
58.Rd1 Rd4 59.Rh1 Rd6 60.Rh2 c4 61.bxc4 Rb6 62.Rh1 Bc5 63.Rxh6 Ka3 64.Rh1 Kxa4
65.Ra1+ Ba3 66.c5 Rc6 67.Bc4 Rxc5 68.Kd3 Kb4 69.Bd5 a4 70.Rh1 Rb5 71.Rh8 Bb2
72.Ra8 Rb6 73.Ra7 a3 74.Ra8 Rd6 75.Rb8+ Kc5 76.Rc8+ Kb6 77.Rb8+ Kc7 78.Rb7+ Kc8
79.Ra7 Kb8 80.Rb7+ Kc8 81.Ra7 Kb8 82.Rb7+ Kc8 83.Ra7  1/2-1/2

[Event "XXXII Open"]
[Site "Barbera ESP"]
[Date "2009.07.07"]
[Round "4"]
[White "Mestre Bellido,H"]
[Black "Almeida Quintana,O"]
[Result "1-0"]
[WhiteElo "2292"]
[BlackElo "2524"]

1.e4 g6 2.d4 Bg7 3.Nc3 d6 4.Nf3 a6 5.a4 Nf6 6.Be2 O-O 7.Bf4 Bg4 8.Qd2 Nc6
9.d5 Nb8 10.Bh6 c6 11.h4 Nbd7 12.h5 Bxf3 13.gxf3 Qb6 14.O-O-O Rfc8 15.dxc6 Qxc6
16.hxg6 fxg6 17.Bxg7 Kxg7 18.Bd3 Nc5 19.Qh6+ Kf7 20.Bc4+ e6 21.Qf4 Ke7 22.Rxd6 Qxd6
23.e5 Qd8 24.exf6+  1-0

[Event "19th Heart of Finland Open"]
[Site "Jyvaskyla FIN"]
[Date "2009.07.07"]
[Round "1"]
[White "Luukkonen,T"]
[Black "Mozelius,P"]
[Result "1-0"]
[WhiteElo "2306"]
[BlackElo "1912"]

1.d4 g6 2.e4 Bg7 3.Nc3 d6 4.Be3 a6 5.Qd2 b5 6.h4 h5 7.O-O-O Nf6 8.f3 Nc6
9.Nh3 e5 10.dxe5 Nxe5 11.Bg5 Bb7 12.Qe1 Qb8 13.f4 Nc4 14.e5 Ne4 15.Nxe4 Bxe4
16.Qxe4 O-O 17.g4 dxe5 18.gxh5 exf4 19.hxg6 Qb6 20.Nxf4 Nd6 21.gxf7+ Nxf7
22.Nd5 Qf2 23.Bd3 Rfe8 24.Ne7+ Kf8 25.Rhf1 Qd4 26.Rxf7+ Kxf7 27.Rf1+  1-0

[Event "Summer IM"]
[Site "Aarhus DEN"]
[Date "2009.07.08"]
[Round "1"]
[White "Skytte,R"]
[Black "Kristiansen,Jen"]
[Result "1/2-1/2"]
[WhiteElo "2396"]
[BlackElo "2435"]

1.e4 g6 2.d4 Bg7 3.Nc3 d6 4.Be3 a6 5.a4 Nc6 6.Bc4 Nf6 7.Nf3 O-O 8.h3 e6 9.Bb3 b6
10.O-O Bb7 11.d5 exd5 12.exd5 Ne7 13.Qd2 Qd7 14.Nh4 b5 15.Bh6 b4 16.Bxg7 Kxg7
17.Na2 a5 18.c4 bxc3 19.Nxc3 Ba6 20.Rfe1 Rab8 21.Nb5 Nf5 22.Nxf5+ Qxf5 23.Bc4 Bxb5
24.axb5 Rfe8 25.Qxa5 Nxd5 26.Bxd5 Qxd5 27.Rxe8 Rxe8 28.Qxc7 Qxb5 29.Qxd6 Qxb2  1/2-1/2

[Event "XXXII Open"]
[Site "Barbera ESP"]
[Date "2009.07.08"]
[Round "5"]
[White "Dominguez Pons,E"]
[Black "Vassallo Barroche,M"]
[Result "1/2-1/2"]
[WhiteElo "2211"]
[BlackElo "2409"]

1.e4 g6 2.d4 Bg7 3.Nc3 d6 4.f4 Nf6 5.Nf3 O-O 6.Bd3 Nc6 7.e5 dxe5 8.dxe5 Nd5
9.O-O Ndb4 10.Be4 Qxd1 11.Rxd1 Bf5 12.Bxf5 gxf5 13.Ne1 Rad8 14.Be3 e6 15.a3 Nd5
16.Nxd5 exd5 17.Bf2 f6 18.Bh4 Rd7 19.exf6 Bxf6 20.Bxf6 Rxf6 21.Nf3 Re6 22.Re1 Rde7
23.Rxe6 Rxe6 24.Kf2 Re4 25.g3 Nd4 26.Rd1 Nxf3 27.Kxf3 c6 28.h3 Kf7 29.g4 Kf6
30.c3 a5 31.Rg1  1/2-1/2

[Event "Summer IM"]
[Site "Aarhus DEN"]
[Date "2009.07.09"]
[Round "2"]
[White "Hagesaether,E"]
[Black "Kristiansen,Jen"]
[Result "1-0"]
[WhiteElo "2249"]
[BlackElo "2435"]

1.e4 g6 2.d4 Bg7 3.Nc3 d6 4.f4 Nc6 5.Nf3 Bg4 6.Be3 Bxf3 7.gxf3 d5 8.Qd2 e6
9.O-O-O Nce7 10.Rg1 Nf6 11.Bd3 c6 12.Kb1 Kf8 13.Ne2 Ne8 14.f5 exf5 15.exf5 Nd6
16.Ng3 Qd7 17.f6 Bxf6 18.Bh6+ Ke8 19.Rge1 Kd8 20.Qf4 Ng8 21.Bf1 Kc7 22.c4 Nxh6
23.Qxf6 Rhe8 24.Qf4 g5 25.Qxg5 Ng8 26.c5 Nc8 27.Bh3  1-0

[Event "XXXII Open"]
[Site "Barbera ESP"]
[Date "2009.07.09"]
[Round "6"]
[White "Sanchez Romero,M"]
[Black "Alonso Gonzalez,C"]
[Result "1-0"]
[WhiteElo "2251"]
[BlackElo "2138"]

1.e4 g6 2.d4 Bg7 3.Nc3 d6 4.Be3 a6 5.a4 b6 6.Bc4 e6 7.Nf3 Ne7 8.Qd2 h6 9.O-O Nd7
10.Rfe1 Bb7 11.h3 g5 12.Nh2 Ng6 13.Bf1 O-O 14.f3 Qe7 15.Rad1 Rad8 16.Bc4 c5
17.d5 e5 18.Ne2 Nh4 19.Ng3 f5 20.Nxf5 Nxf5 21.exf5 Rxf5 22.Bd3 Rff8 23.h4 g4
24.Bxh6 Nf6 25.Qg5 Nxd5 26.Bc4  1-0

[Event "Diputacion Foral de Gipuzkoa"]
[Site "Donostia ESP"]
[Date "2009.07.09"]
[Round "3"]
[White "Zakurdjaeva,I"]
[Black "Hamdouchi,A"]
[Result "1-0"]
[WhiteElo "2305"]
[BlackElo "2324"]

1.e4 g6 2.d4 Bg7 3.Nc3 d6 4.Be3 a6 5.Qd2 Nd7 6.O-O-O b5 7.h4 Ngf6 8.f3 Bb7
9.g4 h6 10.Nh3 b4 11.Ne2 c5 12.Kb1 Rb8 13.g5 hxg5 14.hxg5 Nh5 15.Nhf4 Nxf4
16.Rxh8+ Bxh8 17.Nxf4 cxd4 18.Qh2 Be5 19.Bc4 Nf8 20.Bc1 Qc7 21.Qe2 Rc8 22.Bb3 Bxf4
23.Bxf4 e5 24.Bd2 a5 25.f4 Ne6 26.fxe5 dxe5 27.Rf1 Qc6 28.Qh2 Qxe4 29.Qh8+ Ke7
30.Qf6+ Kd6 31.Qxg6 fxg6 32.Bd5 Qxd5 33.Rf6 Qg2 34.Rxe6+ Kd5 35.Rd6+ Kc5
36.a3 Qxd2 37.Rb6 bxa3 38.Ka2 Kd5  1-0

[Event "Diputacion Foral de Gipuzkoa"]
[Site "Donostia ESP"]
[Date "2009.07.09"]
[Round "3"]
[White "Zakurdjaeva,I"]
[Black "Hamdouchi,A"]
[Result "1-0"]
[WhiteElo "2305"]
[BlackElo "2324"]

1.e4 g6 2.d4 Bg7 3.Nc3 d6 4.Be3 a6 5.Qd2 Nd7 6.O-O-O b5 7.h4 Ngf6 8.f3 Bb7
9.g4 h6 10.Nh3 b4 11.Ne2 c5 12.Kb1 Rb8 13.g5 hxg5 14.hxg5 Nh5 15.Nhf4 Nxf4
16.Rxh8+ Bxh8 17.Nxf4 cxd4 18.Qh2 Be5 19.Bc4 Nf8 20.Bc1 Qc7 21.Qe2 Rc8 22.Bb3 Bxf4
23.Bxf4 e5 24.Bd2 a5 25.f4 Ne6 26.fxe5 dxe5 27.Rf1 Qc6 28.Qh2 Qxe4 29.Qh8+ Ke7
30.Qf6+ Kd6 31.Qxf7 Bd5 32.Bxd5 Qxd5 33.Qxg6 Qg2 34.Rf6 Qxd2 35.Rxe6+ Kd5
36.Rd6+ Kc5 37.a3 bxa3 38.Rb6 a2+ 39.Kxa2 Kd5 40.Qe6+ Kc5 41.Qd6+ Kc4 42.Qxe5 Rc5
43.b3+  1-0

[Event "ch-BEL Expert"]
[Site "Namur BEL"]
[Date "2009.07.09"]
[Round "6"]
[White "Hautot,S"]
[Black "Vandenbussche,T"]
[Result "0-1"]
[WhiteElo "2421"]
[BlackElo "2282"]

1.e4 g6 2.d4 Bg7 3.Nc3 d6 4.Be3 a6 5.a4 Nf6 6.Nf3 O-O 7.Be2 b6 8.O-O Bb7
9.Nd2 e6 10.Bf3 e5 11.d5 Nbd7 12.Ra3 Kh8 13.a5 b5 14.Na2 c5 15.dxc6 Bxc6
16.Nb4 Bb7 17.c4 Nc5 18.Qe2 bxc4 19.Rc1 Nfxe4 20.Nxe4 Nxe4 21.Bb6 Qg5 22.Rxc4 f5
23.g3 Rac8 24.Rxc8 Rxc8 25.Nxa6 Qc1+ 26.Kg2 Rc2 27.Qb5 Bc6 28.Qd3 Nxf2 29.Qxc2 Qxc2
30.Nb4 Qxb2 31.Ra2 Bxf3+ 32.Kxf3 Qxb4 33.Bxf2 Qe4+  0-1

[Event "Summer IM"]
[Site "Aarhus DEN"]
[Date "2009.07.10"]
[Round "3"]
[White "Andersen,Mad"]
[Black "Berg,K"]
[Result "1/2-1/2"]
[WhiteElo "2336"]
[BlackElo "2432"]

1.e4 g6 2.d4 Bg7 3.Nc3 d6 4.Nge2 a6 5.a4 b6 6.g3 Bb7 7.Bg2 Nd7 8.O-O c5 9.d5 Ngf6
10.h3 O-O 11.g4  1/2-1/2

[Event "XXXII Open"]
[Site "Barbera ESP"]
[Date "2009.07.11"]
[Round "8"]
[White "Martin Grillo,R"]
[Black "Alonso Gonzalez,C"]
[Result "1-0"]
[WhiteElo "2218"]
[BlackElo "2138"]

1.e4 g6 2.d4 Bg7 3.Nc3 d6 4.Be3 a6 5.a4 b6 6.g4 Bb7 7.Bg2 Nd7 8.Nge2 e6 9.h4 h6
10.Ng3 c5 11.Qd2 Qc7 12.Rd1 Rd8 13.Nce2 Ne7 14.c3 d5 15.e5 Nc6 16.f4 Na5
17.h5 Nc4 18.Qc1 Nxe3 19.Qxe3 O-O 20.O-O b5 21.axb5 axb5 22.f5 g5 23.f6 Bh8
24.Kh2 Ra8 25.Ra1 b4 26.Ng1 Qb6 27.Nf3 Ba6 28.Rfc1 Bc4 29.Nf1 Qc7 30.Kh3 Rfb8
31.N1d2 Nb6 32.dxc5 Nd7 33.Rxa8 Rxa8 34.Nxc4 dxc4 35.cxb4 Ra2 36.Qd4 Ra8
37.Rxc4 Rc8 38.Rc3 Nxf6 39.exf6 Rd8 40.Qe5 Qxe5 41.Nxe5 Bxf6 42.Rd3 Rc8 43.Nc6 Kg7
44.b3  1-0

[Event "XXXII Open"]
[Site "Barbera ESP"]
[Date "2009.07.11"]
[Round "8"]
[White "Abhishek,K"]
[Black "Almeida Quintana,O"]
[Result "0-1"]
[WhiteElo "2158"]
[BlackElo "2524"]

1.e4 g6 2.d4 Bg7 3.Nc3 d6 4.Bc4 a6 5.a4 Nc6 6.Nge2 Nf6 7.f3 e6 8.Bd3 Nb4
9.Be3 b6 10.Qd2 h6 11.O-O Bb7 12.a5 Nxd3 13.cxd3 Nd7 14.b4 b5 15.Rac1 Rc8
16.Na2 e5 17.d5 h5 18.Rf2 O-O 19.Bh6 f5 20.Bxg7 Kxg7 21.f4 fxe4 22.dxe4 Nf6
23.fxe5 dxe5 24.Ng3 h4 25.Nf5+ gxf5 26.Qg5+ Kh8 27.Qxf5 Qd6 28.Qg5 Nh7 29.Qxh4 c6
30.Rcf1 Rxf2 31.Rxf2 Rg8 32.Nc3 cxd5 33.exd5 Bxd5 34.Rd2 Qc7 35.Rxd5 Qxc3
36.Rd7 Rxg2+ 37.Kxg2 Qc6+ 38.Kf2 Qxd7 39.Qh6 Qf7+ 40.Ke2 Qf6 41.Qe3 Ng5  0-1

[Event "12th Festival IM"]
[Site "Bischwiller FRA"]
[Date "2009.07.11"]
[Round "8"]
[White "Bellahcene,B"]
[Black "Dobosz,H"]
[Result "1-0"]
[WhiteElo "1973"]
[BlackElo "2404"]

1.e4 d6 2.d4 g6 3.Nc3 Bg7 4.Be3 a6 5.Qd2 Nd7 6.O-O-O b5 7.a3 Bb7 8.f3 e6
9.g4 Nb6 10.d5 exd5 11.exd5 Nf6 12.Bxb6 cxb6 13.Re1+ Kf8 14.Nge2 Rc8 15.Bg2 Qc7
16.g5 Nd7 17.f4 h6 18.h4 hxg5 19.hxg5 Rxh1 20.Rxh1 Qc4 21.Bh3 Rc7 22.f5 gxf5
23.Bxf5 b4 24.axb4 Ne5 25.g6 Qxb4 26.gxf7 Nc4 27.Qg5 Qxb2+ 28.Kd1 Qa1+ 29.Nc1 Nb2+
30.Ke2 Re7+ 31.Be6  1-0

[Event "ch-SCO"]
[Site "Edinburgh SCO"]
[Date "2009.07.11"]
[Round "1"]
[White "Green,An"]
[Black "Rowson,J"]
[Result "0-1"]
[WhiteElo "2203"]
[BlackElo "2591"]

1.e4 g6 2.d4 Bg7 3.Nc3 d6 4.Be3 a6 5.f4 b5 6.Nf3 Nd7 7.Bd3 Bb7 8.e5 Nh6 9.Be4 Qc8
10.Qd3 O-O 11.O-O-O c6 12.Ng5 Nb6 13.h4 d5 14.Bf3 b4 15.Ne2 a5 16.Ng3 Ba6
17.Qd2 Nc4 18.Qe1 f6 19.Nh3 a4 20.Kb1 b3 21.cxb3 axb3 22.axb3 Nxe3 23.Qxe3 fxe5
24.fxe5 Nf5 25.Nxf5 Qxf5+ 26.Kc1 e6 27.Qg5 Qf7 28.h5 Bd3 29.Qe3 Qf5 30.hxg6 Bb1
31.Kd2 Qc2+ 32.Ke1 Qxg6 33.Nf2 Ra2 34.Bh5 Qxg2 35.Ke2 Rxb2+  0-1

[Event "ch-BEL Expert"]
[Site "Namur BEL"]
[Date "2009.07.11"]
[Round "8"]
[White "Dgebuadze,A"]
[Black "Vandenbussche,T"]
[Result "1-0"]
[WhiteElo "2516"]
[BlackElo "2282"]

1.d4 g6 2.e4 Bg7 3.Nc3 d6 4.Be3 a6 5.a4 Nf6 6.Qd2 O-O 7.Nf3 b6 8.Bh6 Bb7
9.h4 e5 10.Bxg7 Kxg7 11.O-O-O Qe7 12.h5 Nxh5 13.dxe5 dxe5 14.Nd5 Bxd5 15.Qxd5 c6
16.Qxe5+ Qxe5 17.Nxe5 b5 18.Nd3 Nf6 19.e5 Nd5 20.a5 Nd7 21.g3 Rfe8 22.f4 Ne3
23.Rd2 Rad8 24.Bh3 Nc4 25.Rdh2 h5 26.b4 Nf8 27.Nc5 Ne3 28.Nxa6 Nd5 29.Rd2 Ne6
30.Bxe6 fxe6 31.Kb2 Ne3 32.Kc3 Rxd2 33.Kxd2 Nf5 34.Rg1 Rd8+ 35.Kc1 Rd4 36.Nc5 Rxb4
37.a6  1-0

[Event "XXXII Open"]
[Site "Barbera ESP"]
[Date "2009.07.12"]
[Round "9"]
[White "Mihailovs,J"]
[Black "Lorenzo de la Riva,L"]
[Result "1/2-1/2"]
[WhiteElo "2408"]
[BlackElo "2331"]

1.d4 d6 2.e4 g6 3.Nc3 Bg7 4.Be3 c6 5.a4 Nd7 6.f4 e5 7.Nf3 Ngf6 8.Bc4 O-O
9.fxe5 dxe5 10.d5 Nb6 11.Bb3 cxd5 12.Bc5 Re8 13.a5 Nbd7 14.Bb4 Nb8 15.Nxd5 Nc6
16.Ne7+ Nxe7 17.Qxd8 Rxd8 18.Bxe7 Re8 19.Bxf6 Bxf6 20.Bd5 Rb8 21.Rf1 Be6
22.O-O-O Kg7 23.Bxe6 Rxe6 24.Rd5 Rc8 25.b3 b6 26.c4 Rc5 27.axb6 axb6 28.Rxc5 bxc5
29.Rd1 Be7 30.Rd5 f6 31.Kc2 Ra6 32.Kb2 Kf7 33.Ne1 Ke6 34.Nd3 Rc6 35.h3 h5
36.Kc3 Bd6 37.g4 hxg4 38.hxg4 f5 39.gxf5+ gxf5 40.exf5+ Kxf5 41.b4 cxb4+
42.Nxb4 Bxb4+ 43.Kxb4 Kf4  1/2-1/2

[Event "XXIX Open"]
[Site "Benasque ESP"]
[Date "2009.07.12"]
[Round "11"]
[White "Frois,A"]
[Black "Movsziszian,K"]
[Result "0-1"]
[WhiteElo "2399"]
[BlackElo "2570"]

1.e4 g6 2.d4 Bg7 3.Nc3 d6 4.Nf3 a6 5.Bd3 Nd7 6.O-O e6 7.Be3 Ne7 8.Qd2 h6
9.Ne2 b6 10.Ng3 Bb7 11.c3 c5 12.Rad1 Qc7 13.Bb1 Rd8 14.Rfe1 b5 15.h3 Nc8
16.h4 Ncb6 17.b3 h5 18.Bg5 Rc8 19.dxc5 Qxc5 20.Qxd6 Bxc3 21.Rf1 Qxd6 22.Rxd6 Bb4
23.Rdd1 O-O 24.Rc1 Ba3 25.Rxc8 Rxc8 26.Rd1 Kf8 27.Kf1 Ke8 28.Ke2 Bb2 29.Rd2 Bc3
30.Rd6 Bb4 31.Rd1 Nc5 32.Bd2 Ba3 33.Bc1 b4 34.Bxa3 bxa3 35.Ke3 a5 36.Ne2 a4
37.bxa4 Nc4+ 38.Kf4 Nxa4 39.Rd3 Ba6 40.Rb3 e5+ 41.Kg3 Nc5 42.Rb4 Rd8 43.Nc3 Nd2
44.Nxe5 f6 45.Nc6 Nf1+ 46.Kf3 Nd3 47.Rd4 Ne1+ 48.Kf4 Nxg2+  0-1

[Event "Open"]
[Site "Condom FRA"]
[Date "2009.07.12"]
[Round "2"]
[White "Castin,A"]
[Black "Manolache,M"]
[Result "0-1"]
[WhiteElo "1836"]
[BlackElo "2479"]

1.e4 d6 2.d4 g6 3.Nc3 Bg7 4.Be3 a6 5.Bc4 b5 6.Bb3 e6 7.f4 Qh4+ 8.Bf2 Qxf4
9.Nh3 Qf6 10.O-O Bb7 11.Qe2 Nd7 12.Rae1 Qe7 13.Qf3 O-O-O 14.a4 b4 15.Nd5 exd5
16.Bxd5 c6 17.Bc4 a5 18.c3 Ngf6 19.e5 dxe5 20.Ba6 e4 21.Bxb7+ Kxb7 22.Qe2 Nd5
23.c4 N5b6 24.b3 f5 25.d5 cxd5 26.cxd5 Qd6 27.Rd1 Rhe8 28.Qb5 e3 29.Bg3 Qc5  0-1

[Event "1st Artemis Cup"]
[Site "Leros GRE"]
[Date "2009.07.12"]
[Round "2"]
[White "Gelashvili,T"]
[Black "Kraidman,Y"]
[Result "1-0"]
[WhiteElo "2605"]
[BlackElo "2259"]

1.e4 g6 2.d4 Bg7 3.Nc3 d6 4.h4 h5 5.Nf3 Bg4 6.Be2 Nc6 7.Be3 e5 8.dxe5 Bxf3
9.Bxf3 Bxe5 10.Qd2 Nf6 11.O-O-O Qd7 12.Be2 Ng4 13.Bxg4 hxg4 14.Nd5 Ne7 15.Qa5 Nxd5
16.Rxd5 Rh5 17.Qa3 a6 18.Rhd1 O-O-O 19.g3 Re8 20.Bg5 f6 21.Be3 f5 22.exf5 Rxf5
23.R1d3 Rf3 24.Rb3 c6 25.Rdd3 Qe6 26.Qa5 d5 27.Qe1 Bc7 28.Qb4 Qd7 29.Qd4 Bd6
30.Qa7 Qe7 31.Rd1  1-0

[Event "ch-SCO"]
[Site "Edinburgh SCO"]
[Date "2009.07.13"]
[Round "3"]
[White "McGowan,D"]
[Black "McNab,C"]
[Result "0-1"]
[WhiteElo "2098"]
[BlackElo "2474"]

1.e4 g6 2.d4 d6 3.Nc3 Bg7 4.Be3 Nf6 5.Nf3 c6 6.Qd2 Qa5 7.h3 Nbd7 8.Bd3 O-O
9.O-O Qc7 10.a4 b6 11.Rfd1 Bb7 12.Bh6 Rad8 13.Bxg7 Kxg7 14.Qe3 e5 15.dxe5 dxe5
16.Bc4 h6 17.Rd2 Nc5 18.Rad1 Rxd2 19.Rxd2 a5 20.Ne1 Rd8 21.Rxd8 Qxd8 22.Nf3 Qd6
23.g3 Bc8 24.Kg2 Qe7 25.Kh2 Ne8 26.Bf1 Nd6 27.Nd2 f6 28.Nb3 Nxb3 29.cxb3 Qc7
30.Qc1 Qd7 31.Qe3 Qd8 32.h4 Nb7 33.Ba6 Nc5 34.Bxc8 Qxc8 35.f4 Qe6 36.Qd2 Nxb3
37.Qd8 exf4 38.gxf4 Nc5 39.Qxb6 Qd6 40.Qxa5 Qxf4+ 41.Kh3 Qf3+ 42.Kh2 Qf2+
43.Kh1 Qxh4+ 44.Kg1 Qg5+ 45.Kh2 Qd2+ 46.Kh3 Qe3+ 47.Kh2 Qf2+ 48.Kh1 Ne6 49.Qb4 Qe1+
50.Kh2 Qd2+ 51.Kh1 Qd7 52.Qb8 g5 53.e5 Nf4 54.Kg1 Qg4+ 55.Kf2 Nd3+ 56.Ke3 Nxe5
57.a5 Qg3+ 58.Ke2 Qd3+ 59.Ke1 g4  0-1